000 02129cam a22004334i 4500
003 PE-LiUPU
005 20250731183438.0
008 150706s2011 r 000 0 d
020 _a9789681867225
035 _a(Sirsi) i9789681867225
040 _aPE-LiUPU
_bspa
_cPE-LiUPU
_erda
049 _aPRUA
082 0 4 _a711.58
_bB28
_221
100 1 _aBazant S., Jan,
_eautor.
245 1 0 _aFraccionamientos :
_bdiseño y evaluación financiera /
_cJan Bazant S.
264 1 _aMéxico :
_bNoriega,
_c2011.
300 _a302 páginas :
_bilustraciones ;
_c23 centímetros.
336 _atext
_2rdacontent
337 _aunmediated
_2rdamedia
338 _avolume
_2rdacarrier
504 _aIncluye bibliografía.
505 0 _aAnálisis preliminares -- Determinantes del proyecto urbano: el mercado -- Condicionantes del proyecto urbano: el terreno -- Normatividad urbana -- Análisis urbano y planeamiento conceptual -- Organización social -- Zonificación de usos del suelo -- Estructura funcional -- Esquemas de redes hidráulia y sanitaria -- Imagen urbana -- Anteproyecto urbano -- Lotificación, .Vialidad -- Red hidráulica -- Red de alcantarillado sanitario -- Evaluación del proyecto urbano -- Prefactibilidad financiera.
526 _aP158
526 _aP146
526 _aP17
526 _aP12
526 _aP06
541 _g015-0015390;
650 0 4 _aDiseño urbano.
650 0 4 _aUrbanismo
_zMéxico.
910 _cjck
942 _2ddc
_cBOOK
949 _a711.58 B28
_wDEWEY
_c1
_i67517
_lCCODEBUL1
_mBUL
_p25.00
_r0
_sY
_tBOOK
_u2015-7-6
_xINGENIERIA
_PP06
_o.STAFF. Colección General
994 _aC0
_bPEPRU
596 _a1
999 _a711.58 B28
_wDEWEY
_c54875
_i67517
_d54875
_e2017-11-8
_f2021-11-9
_g7
_lCCODEBUL1
_mBUL
_n1
_p25.00
_r0
_sY
_tBOOK
_u2015-7-6
_xINGENIERIA
_PP06
_0COMPRA
_o.STAFF. Colección Ingenieria y Arquitectura
999 _a711.58 B28
_wDEWEY
_c2
_i70670
_f2021-11-9
_g8
_lCCODEBUL1
_mBUL
_r0
_sY
_tBOOK
_u2016-9-14
_xINGENIERIA
_PP27
_0COMPRA
_o.STAFF. Colección FIA
980 _81
_gALBERTO SANCHEZ Responsable de Automatización